| 000 | 00370nam a2200133Ia 4500 | ||
|---|---|---|---|
| 008 | 211109s9999||||xx |||||||||||||| ||und|| | ||
| 082 |
_a894.8121 _bSUG-I |
||
| 100 | _aSugathakumari, | ||
| 245 | 0 | _aIrulchirakukal | |
| 260 |
_bCengage Learning D _aDelhi |
||
| 630 | _xGENERAL STACK | ||
| 650 |
_aMALAYALAM _vMALAYAAM LITERATURE _xMALAYALAM POETRYGeneralia |
||
| 942 | _cBOOK | ||
| 999 |
_c82138 _d82138 |
||